MARC details
| 000 -LÍDER |
| campo de controle de tamanho fixo |
01035nam a2200313 4500 |
| 001 - NÚMERO DE CONTROLE |
| campo de controle |
372 |
| 003 - IDENTIFICADOR DO NÚMERO DE CONTROLE |
| campo de controle |
OSt |
| 005 - DATA E HORÁRIO DA ÚLTIMA TRANSAÇÃO |
| campo de controle |
20250528074019.0 |
| 008 - CAMPO DE DADOS FIXOS--INFORMAÇÃO GERAL |
| campo de controle de tamanho fixo |
250403b |||||||e |||| 00| 1 eng d |
| 020 ## - ISBN - INTERNATIONAL STANDARD BOOK NUMBER |
| ISBN - International Standard Book Number |
9788501038319 |
| 040 ## - FONTE DA CATALOGAÇÃO |
| Idioma da catalogação |
por |
| 041 ## - CÓDIGO DE IDIOMA |
| Código do idioma do original e/ou traduções intermediárias do texto |
eng |
| Código do idioma do texto/trilha sonora ou título diferente |
por |
| 082 ## - CDD - CLASSIFICAÇÃO DECIMAL DE DEWEY |
| Número de Classificação |
823 |
| Número do exemplar |
F735m |
| 100 1# - ENTRADA PRINCIPAL--NOME PESSOAL |
| Nome pessoal |
Forsyth, Frederick, |
| Datas associadas ao nome |
1938- |
| 9 (RLIN) |
458 |
| 240 ## - TÍTULO UNIFORME |
| Título uniforme |
The deceiver |
| 245 ## - TÍTULO |
| Título |
O manipulador / |
| Indicação de responsabilidade, etc. |
Forsyth, Frederick ; Traduçãoi de A. B. Pinheiro de Lemos |
| 260 ## - PUBLICAÇÃO, DISTRIBUIÇÃO, ETC. |
| Local de publicação, distribuição, etc. |
Rio de Janeiro |
| Nome do editor, distribuidor, etc. |
Record |
| Data da publicação, distribuição, etc. |
1991 |
| 300 ## - DESCRIÇÃO FÍSICA |
| Extensão |
526 p. |
| 520 ## - NOTA DE RESUMO, ETC. |
| Resumo, etc. |
Em quatro episódios de tirar o folêgo, o superagente britânico Sam McCready, mais conhecido como o manipulador, enfrenta o rancor de poderosos que se deram mal com o fim da Guerra Fria.<br/> |
| 650 #0 - ASSUNTO--TERMO TÓPICO |
| Cabeçalho tópico ou nome geográfico |
Literatura Inglesa |
| 9 (RLIN) |
89 |
| 650 #0 - ASSUNTO--TERMO TÓPICO |
| Cabeçalho tópico ou nome geográfico |
Psicológico |
| 9 (RLIN) |
85 |
| 650 #0 - ASSUNTO--TERMO TÓPICO |
| Cabeçalho tópico ou nome geográfico |
Romance Policial |
| 9 (RLIN) |
11 |
| 650 #0 - ASSUNTO--TERMO TÓPICO |
| Cabeçalho tópico ou nome geográfico |
Crime e Investigação |
| 9 (RLIN) |
13 |
| 650 #0 - ASSUNTO--TERMO TÓPICO |
| Cabeçalho tópico ou nome geográfico |
Suspense |
| 9 (RLIN) |
10 |
| 655 #0 - TERMO DE ÍNDICE--GÊNERO E FORMA |
| Gênero/forma/ou termo foco |
Romance |
| 655 #0 - TERMO DE ÍNDICE--GÊNERO E FORMA |
| Gênero/forma/ou termo foco |
Ficção |
| 700 ## - ENTRADA ADICIONADA - NOME PESSOAL |
| Nome pessoal |
A. B. Pinheiro de Lemos |
| Função do autor por extenso |
Tradutor |
| 9 (RLIN) |
109 |
| 942 ## - ELEMENTOS DE ENTRADA ADICIONADOS (KOHA) |
| Fonte de classificação ou esquema de arquivamento |
Classificação decimal de Dewey |
| Ocultar no OPAC |
Não |
| Tipo de material Koha |
Livros |